[Event "NED-ch U14 Girls"]
[Site "Almelo"]
[Date "2022.05.01"]
[Round "1"]
[White "Maris, Lauri"]
[Black "Kulikova, Polina"]
[Result "1-0"]
[WhiteElo "1619"]
[BlackElo "1117"]
[PlyCount "160"]
[EventDate "2022.05.01"]
[EventType "swiss"]
[EventRounds "9"]
[EventCountry "NED"]
[SourceTitle "EXT 2023"]
[Source "ChessBase"]
[SourceDate "2022.10.05"]
[SourceVersion "1"]
[SourceVersionDate "2022.10.05"]
[SourceQuality "1"]

1. e4 e5 2. Nf3 Nc6 3. Bb5 a6 4. Bxc6 dxc6 5. 0-0 Nf6 6. d3 Bd6 7. Bg5 Bg4 8. Nbd2 h6 9. Bh4 g5 10. Bg3 Nh5 11. h3 Nxg3 12. fxg3 Be6 13. Nh2 Qd7 14. g4 0-0-0 15. Qf3 Rdf8 16. Kh1 f6 17. Qe3 Kb8 18. Nb3 b6 19. Qe2 Kb7 20. c4 Be7 21. a4 Rd8 22. Rfd1 a5 23. Nc1 Bf7 24. Rf1 h5 25. b3 hxg4 26. Qxg4 Bh5 27. Qxd7 Rxd7 28. Ra2 Rf8 29. g4 Bg6 30. Kg2 Bc5 31. Nf3 Ka6 32. Ne1 Be3 33. Ne2 Bc5 34. Rf3 Be7 35. Nc1 Rb8 36. Nc2 Bf7 37. Na3 Bg8 38. Rff2 Bxa3 39. Rxa3 Rf8 40. Raa2 b5 41. axb5+ cxb5 42. Ra3 bxc4 43. bxc4 Kb6 44. Rb2+ Kc6 45. Rxa5 Kd6 46. Ra7 Rfd8 47. Ra6+ Ke7 48. c5 Rc8 49. Rb7 Bf7 50. Raa7 Kd8 51. Ra6 Ke7 52. Rc6 Bg8 53. Kf2 Bf7 54. Ra7 Bg8 55. Kf3 Bf7 56. Raa6 Rb8 57. Ke3 Rb1 58. Kd2 Rb2+ 59. Kc3 Rh2 60. Rxf6 Rxh3 61. Rf5 Rh1 62. Ra1 Ke6 63. Rxg5 Kf6 64. Rf5+ Kg6 65. Rxe5 Rg1 66. Ra6+ Kh7 67. Ne2 Rxg4 68. Nd4 Rg1 69. Ra7 Rc1+ 70. Nc2 Rd1 71. d4 Rd3+ 72. Kxd3 Bb3 73. d5 Rg7 74. d6 cxd6 75. Rxg7+ Kxg7 76. cxd6 Kf6 77. Kd4 Bxc2 78. d7 Bxe4 79. Rxe4 Kg6 80. d8Q Kf5 1-0